Introduction to project management / (Record no. 82437)

MARC details
000 -LEADER
fixed length control field 01433nam a22003617a 4500
003 - CONTROL NUMBER IDENTIFIER
control field URS
005 - DATE AND TIME OF LATEST TRANSACTION
control field 20250325011303.0
008 - FIXED-LENGTH DATA ELEMENTS--GENERAL INFORMATION
fixed length control field 250325t2023 ph ||||| |||| 00| 0 eng d
020 ## - INTERNATIONAL STANDARD BOOK NUMBER
International Standard Book Number 9786214271313
040 ## - CATALOGING SOURCE
Original cataloging agency DLC
Language of cataloging eng
Transcribing agency DLC
Modifying agency DLC
-- URS
Description conventions rda
082 ## - DEWEY DECIMAL CLASSIFICATION NUMBER
Classification number 658.404
Item number In891 2023
100 ## - MAIN ENTRY--PERSONAL NAME
Personal name Abante, Marmelo V.
Relator term author
245 ## - TITLE STATEMENT
Title Introduction to project management /
Statement of responsibility, etc. Marmelo V. Abante, Roselie B. Alday, Jerald S. Gongora, Alice M. Lacorte, Ace C. Lagman, Renato R. Maalis III, Alvin R. Malicdem, Cecilia A. Mercado, Corazon B. Rebong, Rejan L. Tadeo, Renato A. Villegas, and Lopel B. Gueta.
264 ## - PRODUCTION, PUBLICATION, DISTRIBUTION, MANUFACTURE, AND COPYRIGHT NOTICE
Place of production, publication, distribution, manufacture Philippines :
Name of producer, publisher, distributor, manufacturer Unlimited Books Library Services & Publishing Inc.,
Date of production, publication, distribution, manufacture, or copyright notice [2023]
300 ## - PHYSICAL DESCRIPTION
Extent vi, 189 pages;
Dimensions 25 cm
336 ## - CONTENT TYPE
Source rdacontent
Content type term text
Content type code txt
337 ## - MEDIA TYPE
Source rdamedia
Media type term unmediated
Media type code n
338 ## - CARRIER TYPE
Source rdacarrier
Carrier type term volume
Carrier type code nc
504 ## - BIBLIOGRAPHY, ETC. NOTE
Bibliography, etc. note Includes bibliographical references (page 189).
650 ## - SUBJECT ADDED ENTRY--TOPICAL TERM
Topical term or geographic name entry element Project management.
700 ## - ADDED ENTRY--PERSONAL NAME
Personal name Alday, Roselie B.
Relator term author
700 ## - ADDED ENTRY--PERSONAL NAME
Personal name Gongora, Jerald S.
Relator term author
700 ## - ADDED ENTRY--PERSONAL NAME
Personal name Lacorte, Alice M.
Relator term author
700 ## - ADDED ENTRY--PERSONAL NAME
Personal name Lagman, Ace C.
Relator term author
700 ## - ADDED ENTRY--PERSONAL NAME
Personal name Maaliw, Renato R. III.
Relator term author
700 ## - ADDED ENTRY--PERSONAL NAME
Personal name Malicdem, Alvin R.
Relator term author
700 ## - ADDED ENTRY--PERSONAL NAME
Personal name Mercado, Cecilia A.
Relator term author
700 ## - ADDED ENTRY--PERSONAL NAME
Personal name Rebong, Corazon B.
Relator term author
700 ## - ADDED ENTRY--PERSONAL NAME
Personal name Tadeo, Rejan L.
Relator term author
700 ## - ADDED ENTRY--PERSONAL NAME
Personal name Villegas, Renato A.
Relator term author
700 ## - ADDED ENTRY--PERSONAL NAME
Personal name Villegas, Renato A.
Relator term author
942 ## - ADDED ENTRY ELEMENTS (KOHA)
Source of classification or shelving scheme Dewey Decimal Classification
Koha item type Filipiniana
Holdings
Withdrawn status Source of classification or shelving scheme Damaged status Not for loan Home library Current library Shelving location Date acquired Total Checkouts Full call number Barcode Date last seen Price effective from Koha item type
  Dewey Decimal Classification     Pililla College Library Pililla College Library Filipiniana Section 03/25/2025   658.404 In891 2023 URSPIL-7302 03/25/2025 03/25/2025 Filipiniana

University of Rizal System
Email us at univlibservices@urs.edu.ph

Visit our Website www.urs.edu.ph/library